[Event "Match"]
[Site "www.echecsemail.com"]
[Date "2015.07.20"]
[Round "1"]
[White "Hundegana"]
[Black "Ruko"]
[WhiteElo "1950"]
[BlackElo "1680"]
[Result "0-1"]
[Round "1"]
1.e4 e5
2.Ng1f3 Nb8c6
3.c3 Ng8f6
4.d3 Bf8e7
5.a3 d6
6.Bc1e3 Bc8g4
7.Bf1e2 O-O
8.h3 Bg4h5
9.g4 Bh5g6
10.Qd1b3 Ra8b8
11.Nb1d2 Rf8e8
12.a4 Be7f8
13.Nd2f1 a6
14.Nf1g3 d5
15.exd5 Nf6xd5
16.Be3g5 Bf8e7
17.Bg5xe7 Re8xe7
18.h4 Nd5f4
19.h5 Bg6xd3
20.Nf3g1 Bd3xe2
21.Ng1xe2 Nf4xe2
22.Ng3xe2 Qd8d3
23.Ra1d1 Qd3f3
24.Rh1g1 e4
25.Rg1g3 Qf3f6
26.Ne2g1 Nc6e5
27.Ng1e2 Ne5d3
28.Rg3xd3 exd3
29.Rd1xd3 Rb8e8
30.Rd3d2 Qf6f3
31.Qb3c2 Qf3h1
{ resign }
0-1

[Event "Match"]
[Site "www.echecsemail.com"]
[Date "2015.07.20"]
[Round "1"]
[White "Ruko"]
[Black "Harrytheking"]
[WhiteElo "1680"]
[BlackElo "1770"]
[Result "1-0"]
[Round "1"]
1.e4 b6
2.d4 Bc8a6
3.Bf1xa6 Nb8xa6
4.Ng1f3 h6
5.Nb1c3 c6
6.O-O e6
7.Bc1f4 Ng8e7
8.d5 cxd5
9.exd5 exd5
10.Nc3xd5 Ne7xd5
11.Qd1xd5 Na6c7
12.Rf1e1 Bf8e7
13.Bf4xc7 Qd8xc7
14.Qd5xa8 Qc7d8
15.Qa8xd8 Kxd8
16.Nf3e5 Kc8
17.Ne5xf7 Rh8e8
18.Nf7d6 { resign }
1-0

[Event "Match"]
[Site "www.echecsemail.com"]
[Date "2015.07.20"]
[Round "1"]
[White "Castletyme"]
[Black "Harrytheking"]
[WhiteElo "1860"]
[BlackElo "1690"]
[Result "1-0"]
[Round "1"]
1.e4 b6
2.d4 Bc8a6
3.Bf1xa6 Nb8xa6
4.c4 e6
5.a3 h6
6.b4 c6
7.Ng1f3 d6
8.Bc1e3 Ng8e7
9.O-O Ne7g6
10.Qd1a4 Na6b8
11.c5 b5
12.Qa4c2 Nb8d7
13.a4 bxa4
14.Qc2xa4 d5
15.e5 Bf8e7
16.Qa4xc6 O-O
17.Nb1c3 Ra8c8
18.Qc6a6 Qd8c7
19.Nc3b5 Nd7b8
20.Nb5xc7 Nb8xa6
21.Nc7xa6 Rf8e8
22.b5 f6
23.exf6 Be7xf6
24.b6 axb6
25.cxb6 Re8e7
26.Rf1c1 Rc8xc1
27.Ra1xc1 Kh7
28.Rc1c7 Re7e8
29.b7 e5
30.b8Q Bf6d8
31.Rc7xg7 Kxg7
32.Qb8b7 { resign }
1-0

[Event "Match"]
[Site "www.echecsemail.com"]
[Date "2015.07.20"]
[Round "1"]
[White "Generalfree"]
[Black "Wildtiger"]
[WhiteElo "1770"]
[BlackElo "1620"]
[Result "1-0"]
[Round "1"]
1.d4 Ng8f6
2.Ng1f3 e6
3.Bc1f4 Bf8e7
4.a3 Nb8c6
5.e3 O-O
6.Bf1d3 d5
7.c4 Nf6e4
8.Bd3xe4 dxe4
9.Nf3d2 f5
10.Nb1c3 g5
11.Bf4e5 Nc6xe5
12.dxe5 f4
13.Nc3xe4 fxe3
14.fxe3 b6
15.Nd2f3 Bc8b7
16.Qd1c2 Qd8e8
17.Ne4xg5 Be7xg5
18.Nf3xg5 Qe8e7
19.h4 Ra8d8
20.Rh1g1 h6
21.Qc2g6 Kh8
22.Qg6xh6 Kg8
23.Ng5xe6 Qe7d7
24.Ne6xf8 Rd8xf8
25.e6 Qd7e7
26.O-O-O Bb7c6
27.g4 b5
28.g5 a6
29.Rd1f1 Rf8xf1
30.Rg1xf1 Bc6e8
31.g6 Qe7g7
32.Qh6xg7 Kxg7
33.h5 Kh6
34.e7 Kg7
35.cxb5 axb5
36.Rf1f8 Be8d7
37.e8Q { resign }
1-0

[Event "Match"]
[Site "www.echecsemail.com"]
[Date "2015.07.20"]
[Round "1"]
[White "Robinjut"]
[Black "Theboss"]
[WhiteElo "1480"]
[BlackElo "1680"]
[Result "1-0"]
[Round "1"]
1.e4 e5
2.Ng1f3 Nb8c6
3.Bf1b5 Nc6d4
4.Nf3xd4 exd4
5.d3 a6
6.Bb5a4 b5
7.Ba4b3 Bf8b4
8.Bc1d2 a5
9.Bd2xb4 axb4
10.Nb1d2 c5
11.Bb3d5 Ra8a6
12.Qd1f3 Ng8f6
13.Qf3f5 O-O
14.O-O d6
15.Qf5f4 Qd8e7
16.Nd2f3 h6
17.Ra1e1 Bc8g4
18.h3 Bg4xf3
19.Qf4xf3 Qe7e5
20.Qf3f5 Qe5e7
21.e5 Nf6xd5
22.exd6 Qe7xd6
23.c4 bxc3
24.bxc3 dxc3
25.Re1c1 Ra6xa2
26.Rf1e1 Nd5b4
27.Rc1xc3 Rf8c8
28.Qf5xc8 Qd6f8
29.Rc3xc5 Nb4xd3
30.Qc8xf8 Kxf8
31.Rc5c8 
1-0

[Event "Match"]
[Site "www.echecsemail.com"]
[Date "2015.07.20"]
[Round "1"]
[White "Carloswhizz"]
[Black "Generalfree"]
[WhiteElo "1780"]
[BlackElo "1750"]
[Result "0-1"]
[Round "1"]
1.e4 Ng8f6
2.Nb1c3 e5
3.Ng1f3 Bf8c5
4.Bf1c4 c6
5.O-O d5
6.Bc4d3 d4
7.Nc3e2 Bc8g4
8.Nf3g5 h6
9.Ng5xf7 Kxf7
10.f3 Bg4e6
11.c4 dxc3
12.Kh1 Qd8xd3
13.Ne2xc3 Be6c4
14.Nc3e2 Qd3xe2
15.Rf1e1 Qe2d3
16.b3 Bc4a6
17.Bc1b2 Bc5d4
18.Bb2xd4 Qd3xd4
19.Ra1c1 Nb8d7
20.h3 Ra8d8
21.Rc1c2 Ba6d3
22.Rc2c3 Nd7c5
23.g4 g5
24.Re1e3 a5
25.Qd1g1 b5
26.h4 Bd3xe4
27.fxe4 Nc5xe4
28.Rc3d3 Qd4b2
29.Rd3xd8 Rh8xd8
30.hxg5 hxg5
31.Qg1g2 Rd8xd2
32.Qg2f1 Qb2d4
33.Re3f3 Rd2d1
34.Rf3xf6 Ne4xf6
{ resign }
0-1

[Event "Match"]
[Site "www.echecsemail.com"]
[Date "2015.07.20"]
[Round "1"]
[White "Uscgsteve"]
[Black "Cheet621"]
[WhiteElo "1709"]
[BlackElo "1369"]
[Result "1-0"]
[Round "1"]
1.Nb1c3 d6
2.Ng1f3 e5
3.Nc3d5 Bc8e6
4.c4 Ng8f6
5.Qd1a4 c6
6.Nf3g5 Be6d7
7.e3 cxd5
8.cxd5 Bd7xa4
{ time. }
1-0

[Event "Match"]
[Site "www.echecsemail.com"]
[Date "2015.07.20"]
[Round "1"]
[White "Caspito"]
[Black "Generalfree"]
[WhiteElo "1800"]
[BlackElo "1730"]
[Result "1-0"]
[Round "1"]
1.e4 e5
2.Ng1f3 d6
3.d4 f6
4.d5 c6
5.c4 a6
6.Bf1d3 b5
7.O-O bxc4
8.Bd3xc4 c5
9.a3 h6
10.b4 Qd8b6
11.Bc1d2 g5
12.Nb1c3 Bc8d7
13.Nc3e2 Bd7g4
14.Nf3e1 h5
15.Qd1a4 Bg4d7
16.Qa4b3 Bd7b5
17.Ne2g3 Ng8e7
18.a4 Bb5xc4
19.Qb3xc4 cxb4
20.Bd2xb4 a5
21.Bb4a3 Nb8d7
22.Ne1c2 Ra8c8
23.Qc4e2 Qb6b3
24.Rf1c1 Nd7c5
25.Ba3xc5 dxc5
26.Rc1b1 Qb3c3
27.Ra1a3 Qc3xa3
28.Nc2xa3 Ne7g6
29.Qe2b5 Kd8
30.Qb5xa5 Rc8c7
31.Rb1b7 Bf8d6
32.Na3b5 { resign }
1-0

[Event "Match"]
[Site "www.echecsemail.com"]
[Date "2015.07.20"]
[Round "1"]
[White "Calponas"]
[Black "Mknittel"]
[WhiteElo "2040"]
[BlackElo "1809"]
[Result "1-0"]
[Round "1"]
1.e4 e5
2.Ng1f3 Ng8f6
3.d4 Nf6xe4
4.Bf1d3 d5
5.Nf3xe5 Nb8d7
6.Bc1f4 Qd8f6
7.Qd1f3 Nd7xe5
8.dxe5 Qf6b6
9.Nb1d2 Qb6xb2
10.O-O Ne4xd2
11.Qf3xd5  { time }
1-0

[Event "Match"]
[Site "www.echecsemail.com"]
[Date "2015.07.20"]
[Round "1"]
[White "Conde7"]
[Black "Jose"]
[WhiteElo "2850"]
[BlackElo "2700"]
[Result "1/2-1/2"]
[Round "1"]
1.e4 c5
2.Ng1f3 d6
3.Bf1b5 Nb8d7
4.d4 cxd4
5.Qd1xd4 a6
6.Bb5xd7 Bc8xd7
7.O-O Ng8f6
8.Bc1g5 e6
9.Nb1a3 Bf8e7
10.Na3c4 Bd7c6
11.Bg5xf6 gxf6
12.Rf1d1 Rh8g8
13.Nf3e1 Rg8g5
14.Nc4xd6 Be7xd6
15.Qd4xd6 Qd8xd6
16.Rd1xd6 Rg5b5
17.b3 Bc6xe4
18.a4 Rb5c5
19.f3 Be4d5
20.c4 Ke7
21.Rd6b6 Bd5c6
22.Ne1c2 Kd7
23.a5 Kc7
24.Nc2e3 Rc5e5
25.Ne3g4 Re5e2
26.b4 f5
27.Ng4f6 Re2b2
28.h4 h6
29.Ra1c1 Kd6
30.Rc1e1 Ra8c8
31.h5 Ke7
32.Nf6d5 Kd7
{ draw }
1/2-1/2

[Event "Match"]
[Site "www.echecsemail.com"]
[Date "2015.07.20"]
[Round "1"]
[White "Drharislacan"]
[Black "Roqueur"]
[WhiteElo "1699"]
[BlackElo "2630"]
[Result "0-1"]
[Round "1"]
1.e4 c5
2.Ng1f3 d6
3.d4 cxd4
4.Nf3xd4 Ng8f6
5.Nb1c3 a6
6.Bc1e3 e5
7.Nd4b3 Bc8e6
8.f3 Bf8e7
9.Qd1d2 Nb8d7
10.g4 b5
11.O-O-O O-O
12.Nc3d5 Be6xd5
13.exd5 Nd7b6
14.g5 Nf6xd5
15.g6 Nd5xe3
16.Qd2xe3 Be7g5
17.gxh7 Kxh7
18.Qe3xg5 Qd8xg5
19.Rd1d2 Nb6c4
20.Bf1xc4 bxc4
21.Nb3a5 Rf8c8
22.Rh1d1 Ra8b8
23.h3 Qg5e3
24.c3 Rc8c5
25.Kb1 Rc5xa5
26.a3 Qe3xc3
27.Rd2c2 Qc3xa3
28.Rc2c3 Qa3xb2
{ resign }
0-1

[Event "Match"]
[Site "www.echecsemail.com"]
[Date "2015.07.20"]
[Round "1"]
[White "Guidom"]
[Black "Ztornad"]
[WhiteElo "2060"]
[BlackElo "1820"]
[Result "1-0"]
[Round "1"]
1.e4 e5
2.Ng1f3 Ng8f6
3.Nb1c3 d6
4.Bf1c4 Bc8e6
5.Bc4xe6 fxe6
6.O-O d5
7.Nf3xe5 Qd8e7
8.Ne5f3 dxe4
9.Nf3e5 Nb8d7
10.Ne5xd7 Nf6xd7
11.Nc3xe4 Nd7c5
12.Qd1h5 g6
13.Qh5xc5 Qe7xc5
14.Ne4xc5 Bf8xc5
15.c3 O-O-O
16.d4 Bc5d6
17.Rf1e1 Rd8e8
18.Bc1g5 e5
19.Bg5f6 Rh8f8
20.Bf6xe5 Bd6xe5
21.dxe5 Re8e6
22.Re1e3 Rf8f5
23.Ra1e1 b6
24.g3 h5
25.f4 g5
26.Re3e4 g4
27.Kf2 Kb7
28.Re1d1 a5
29.Ke3 Ka6
30.Rd1d7 c6
{ time. }
1-0

[Event "Match"]
[Site "www.echecsemail.com"]
[Date "2015.07.20"]
[Round "1"]
[White "Caspito"]
[Black "Lebridgeur"]
[WhiteElo "1760"]
[BlackElo "1499"]
[Result "0-1"]
[Round "1"]
1.e4 e6
2.d4 d5
3.e5 c5
4.Bc1e3 cxd4
5.Be3xd4 Bc8d7
6.Ng1f3 Ng8e7
7.Bf1d3 Nb8c6
8.O-O Nc6xd4
9.Nf3xd4 Qd8b6
10.Nd4b3 Ne7g6
11.Bd3xg6 hxg6
12.c3 Ra8c8
13.Nb1d2 Bd7a4
14.Qd1f3 Bf8e7
15.Qf3f4 Rh8h4
16.Qf4g3 Rh4h5
17.Ra1b1 Be7h4
18.Qg3e3 Qb6xe3
19.fxe3 Rh5xe5
20.Nd2f3 Re5h5
21.Nb3d4 Bh4f6
22.b3 Ba4d7
23.a4 Rc8xc3
24.Rf1e1 e5
25.Nd4b5 Bd7xb5
26.axb5 e4
27.Nf3d2 Bf6e5
28.g3 Rh5h8
29.Kg2 Rc3c2
30.Re1d1 Be5c3
{ resign }
0-1

[Event "Match"]
[Site "www.echecsemail.com"]
[Date "2015.07.20"]
[Round "1"]
[White "Muchomurka"]
[Black "Gimmyg"]
[WhiteElo "2480"]
[BlackElo "2260"]
[Result "1/2-1/2"]
[Round "1"]
1.e4 Nb8c6
2.Ng1f3 f5
3.e5 d6
4.d4 dxe5
5.d5 e4
6.Nf3h4 Nc6e5
7.Qd1d4 Ne5f7
8.Bf1b5 Bc8d7
9.Bb5c4 g5
10.Bc1xg5 Ng8f6
11.Bg5xf6 exf6
12.Nb1c3 Bf8d6
13.Qd4e3 Rh8g8
14.Bc4e2 Qd8e7
15.Be2h5 Rg8g5
16.Bh5xf7 Kxf7
17.O-O-O Bd6c5
18.Qe3e2 Bc5b4
19.Nc3b5 f4
20.Kb1 f3
21.gxf3 Rg5h5
22.d6 Bd7xb5
23.Qe2xb5 Rh5xb5
24.dxe7 Ra8g8
25.Rd1d8 Rb5g5
26.Rd8xg8 Rg5xg8
27.Nh4f5 Rg8g2
28.fxe4 Bb4xe7
29.f3 Rg2f2
30.c3 Rf2xf3
31.Rh1d1 Be7d6
32.Nf5xd6 cxd6
33.Rd1xd6 Ke7
34.Rd6d5 Rf3h3
35.Rd5b5 b6
36.Kc2 h5
37.a4 Rh3xh2
38.Kd3 h4
39.a5 h3
40.axb6 axb6
41.Rb5xb6 Kf7
42.Rb6b7 Kg6
{ draw }
1/2-1/2

[Event "Match"]
[Site "www.echecsemail.com"]
[Date "2015.07.20"]
[Round "1"]
[White "Add"]
[Black "Cristiano"]
[WhiteElo "2010"]
[BlackElo "2150"]
[Result "1-0"]
[Round "1"]
1.e4 e5
2.Ng1f3 Nb8c6
3.h3 a6
4.d4 exd4
5.Nf3xd4 Nc6xd4
6.Qd1xd4 d6
7.Nb1c3 Ng8f6
8.Bf1c4 { resign }
1-0

[Event "Match"]
[Site "www.echecsemail.com"]
[Date "2015.07.20"]
[Round "1"]
[White "Roqueur"]
[Black "Cristiano"]
[WhiteElo "2640"]
[BlackElo "2150"]
[Result "1-0"]
[Round "1"]
1.e4 e5
2.Ng1f3 Nb8c6
3.Bf1b5 a6
4.Bb5a4 f5
5.d4 fxe4
6.Nf3xe5 Ng8f6
7.O-O Bf8d6
8.Nb1c3 Nc6xe5
9.dxe5 Bd6xe5
10.Nc3xe4 O-O
11.f4 Nf6xe4
12.Ba4b3 Kh8
13.fxe5 c6
14.Rf1xf8 Qd8xf8
15.Bc1e3 b5
16.Qd1f3 Qf8xf3
17.gxf3 { resign }
1-0

[Event "Match"]
[Site "www.echecsemail.com"]
[Date "2015.07.20"]
[Round "1"]
[White "Ericleo1980"]
[Black "Reanna"]
[WhiteElo "1809"]
[BlackElo "1590"]
[Result "1-0"]
[Round "1"]
1.e4 e5
2.Ng1f3 Nb8c6
3.Bf1b5 Ng8f6
4.O-O Bf8c5
5.Bb5xc6 bxc6
6.Nf3xe5 Nf6xe4
7.d4 Bc5e7
8.Qd1g4 Ne4f6
9.Qg4xg7 Rh8f8
10.Rf1e1 Ra8b8
11.Bc1g5 Rf8g8
12.Qg7xf7 { resign }
1-0

[Event "Match"]
[Site "www.echecsemail.com"]
[Date "2015.07.20"]
[Round "1"]
[White "Menace"]
[Black "Jpjohnston"]
[WhiteElo "2270"]
[BlackElo "1920"]
[Result "0-1"]
[Round "1"]
1.d4 d5
2.c4 dxc4
3.Nb1c3 Ng8f6
4.e4 e6
5.Bf1xc4 Bf8b4
6.Bc1d2 Bb4xc3
7.Bd2xc3 Nf6xe4
8.Ng1e2 O-O
9.Qd1d3 Ne4xc3
10.Ne2xc3 Nb8c6
11.O-O Qd8xd4
12.Qd3xd4 Nc6xd4
13.Ra1d1 e5
14.Nc3e4 Bc8e6
15.Bc4xe6 Nd4xe6
16.Rd1d7 f5
17.Ne4c3 Rf8f7
18.Rf1d1 Rf7xd7
19.Rd1xd7 Ra8d8
20.Rd7e7 Rd8d6
21.Re7e8 Kf7
22.Re8a8 a6
23.h3 Rd6d2
24.b3 Rd2c2
25.Nc3d5 Rc2xa2
26.Ra8a7 Ra2d2
27.Nd5e3 f4
28.Ne3g4 Rd2d1
29.Kh2 Ne6d8
30.Ng4xe5 Ke6
31.Ne5f3 Rd1b1
32.h4 Kd5
33.Ra7a8 Nd8e6
34.Ra8e8 Rb1xb3
35.Re8e7 Kd6
36.Re7xe6 Kxe6
37.Nf3d4 Kd5
38.Nd4xb3 b6
39.Kg1 c5
40.Kf1 c4
41.Nb3c1 b5
42.Ke2 b4
43.Kd2 h6
44.Nc1e2 g5
45.h5 a5
46.Ne2c1 Kd4
47.Nc1e2 Kc5
48.g3 fxg3
49.Ne2xg3 a4
50.Ng3f5 a3
51.Kc2 b3
52.Kc3 a2
53.Kb2 Kb4
{ resign }
0-1

[Event "Match"]
[Site "www.echecsemail.com"]
[Date "2015.07.20"]
[Round "1"]
[White "Susov"]
[Black "Cyrilgeorge"]
[WhiteElo "1770"]
[BlackElo "1780"]
[Result "1-0"]
[Round "1"]
1.e4 e5
2.Ng1f3 d6
3.Nb1c3 c6
4.Bf1c4 b5
5.Bc4b3 Nb8d7
6.d3 h6
7.a3 a5
8.Bc1e3 a4
9.Bb3a2 Bc8b7
10.Qd1d2 Ng8f6
11.h3 Bf8e7
12.Nf3h4 O-O
13.Nh4f5 Nf6h7
14.Be3xh6 Be7g5
15.Bh6xg5 Qd8xg5
16.Qd2xg5 Nh7xg5
17.Nf5xd6 Ra8b8
18.h4 Ng5h7
19.g4 Bb7c8
20.Nd6xf7 { resign }
1-0

[Event "Match"]
[Site "www.echecsemail.com"]
[Date "2015.07.20"]
[Round "1"]
[White "Drharislacan"]
[Black "Samael"]
[WhiteElo "1699"]
[BlackElo "2110"]
[Result "0-1"]
[Round "1"]
1.e4 e5
2.Ng1f3 d6
3.d4 exd4
4.Nf3xd4 Bf8e7
5.Nb1c3 Ng8f6
6.Bf1e2 Bc8d7
7.Bc1g5 O-O
8.f4 h6
9.Bg5xf6 Be7xf6
10.O-O Nb8c6
11.Nd4xc6 Bd7xc6
 { time }
0-1

[Event "Match"]
[Site "www.echecsemail.com"]
[Date "2015.07.20"]
[Round "1"]
[White "Scur"]
[Black "Silent1"]
[WhiteElo "1929"]
[BlackElo "1960"]
[Result "1-0"]
[Round "1"]
1.e4 e5
2.Ng1f3 d6
3.d4 exd4
4.Nf3xd4 Bf8e7
5.Nb1c3 Ng8f6
6.Bf1e2 O-O
7.Bc1e3 Bc8d7
8.Qd1d2 Nb8c6
9.Nd4b3 Nc6e5
10.f4 Ne5g4
11.Be2d3 Ng4xe3
12.Qd2xe3 c6
13.O-O-O b6
14.h3 c5
15.e5 dxe5
16.fxe5 Nf6e8
17.Bd3e4 Ra8b8
18.Qe3d3 Bd7e6
19.Be4xh7 Kh8
20.Qd3f3 Be7g5
21.Kb1 Qd8c7
22.Bh7g6 Qc7xe5
23.Qf3h5 { resign }
1-0

[Event "Match"]
[Site "www.echecsemail.com"]
[Date "2015.07.20"]
[Round "1"]
[White "Pablincho"]
[Black "Cyrilgeorge"]
[WhiteElo "1650"]
[BlackElo "1780"]
[Result "1-0"]
[Round "1"]
1.e4 e5
2.Ng1f3 f6
3.Bf1c4 Ng8e7
4.Nb1c3 Nb8c6
5.d4 d6
6.h3 h6
7.a3 b6
8.Bc1e3 Bc8b7
9.d5 Nc6b8
10.O-O Bb7a6
11.Qd1d3 Ba6xc4
12.Qd3xc4 a6
13.b4 b5
14.Nc3xb5 axb5
15.Qc4xb5 c6
16.Qb5b7 Ra8a6
17.Be3a7 Qd8c8
18.Qb7xc8 Ne7xc8
19.Ba7xb8 Ra6b6
20.Bb8c7 Rb6b7
21.Bc7a5 cxd5
22.exd5 Nc8e7
23.c4 g5
24.Rf1d1 Bf8g7
25.c5 dxc5
26.bxc5 Rb7b5
27.Ba5b4 Kf7
28.d6 Ne7c6
29.Ra1b1 Nc6xb4
30.axb4  { time }
1-0

[Event "Match"]
[Site "www.echecsemail.com"]
[Date "2015.07.20"]
[Round "1"]
[White "Reanna"]
[Black "Subh"]
[WhiteElo "1620"]
[BlackElo "1499"]
[Result "1-0"]
[Round "1"]
1.c4 b6
2.d4 e6
3.Ng1f3 d6
4.e4 Nb8d7
5.Bf1d3 Bc8b7
6.O-O g6
7.Nb1c3 Bf8g7
8.e5 dxe5
9.dxe5 Bb7xf3
10.Qd1xf3 Nd7xe5
11.Qf3e4  { time }
1-0

[Event "Match"]
[Site "www.echecsemail.com"]
[Date "2015.07.20"]
[Round "1"]
[White "Sik"]
[Black "Chapi"]
[WhiteElo "1650"]
[BlackElo "2020"]
[Result "0-1"]
[Round "1"]
1.e4 c5
2.Ng1f3 Nb8c6
3.Nb1c3 d6
4.Bf1c4 g6
5.Nf3g5 Nc6e5
6.Qd1e2 Ne5xc4
7.Qe2xc4 e6
8.O-O Qd8xg5
9.d4 Qg5h5
10.Bc1e3 a6
11.Nc3e2 b5
12.Qc4c3 Qh5xe2
13.b3 Qe2h5
14.f3 Bf8h6
15.dxc5 f6
16.cxd6 Bc8d7
17.a4 Ra8c8
18.Qc3d3 Bh6xe3
19.Qd3xe3 Ng8h6
20.c4 bxc4
21.bxc4 Qh5c5
22.Qe3xc5 Rc8xc5
23.Ra1b1 O-O
24.Rf1f2 Rc5xc4
25.Rf2a2 Rc4xa4
26.Ra2xa4 Bd7xa4
27.Rb1b7 Rf8d8
28.Rb7b6 Ba4b5
29.Kf2 Nh6f7
30.h4 Rd8xd6
31.Rb6xd6 Nf7xd6
32.g4 a5
33.f4 Nd6xe4
34.Kf3 Bb5c6
35.h5 a4
36.hxg6 hxg6
37.g5 Ne4xg5
38.Kg4 Ng5f7
39.f5 exf5
40.Kf4 a3
41.Ke3 a2
42.Kd3 a1Q
43.Kc4 f4
44.Kc5 f3
45.Kb6 f2
46.Kc5 f1Q
47.Kb6 Qf1b5
48.Kc7 Qa1e5
49.Kc8 Qb5b8

0-1

[Event "Match"]
[Site "www.echecsemail.com"]
[Date "2015.07.20"]
[Round "1"]
[White "Fangshuo"]
[Black "Jafarhayder"]
[WhiteElo "2050"]
[BlackElo "1750"]
[Result "1-0"]
[Round "1"]
1.e4 e6
2.Ng1f3 d5
3.e5 c5
4.d4 Qd8b6
5.c3 Nb8c6
6.a3 Bc8d7
7.Bf1e2 Ng8h6
8.Nb1d2 cxd4
9.Nd2b3 dxc3
10.bxc3 Nh6f5
11.g4 Nf5e7
12.Bc1e3 Qb6c7
13.Be3d4 Ne7g6
14.O-O Ng6xe5
15.Nf3xe5 Nc6xe5
16.f4 Ne5c6
17.Bd4e3 Bf8d6
18.Kh1 a6
19.Nb3c5 Ra8c8
20.Ra1b1 Bd6xc5
21.Be3xc5  { time }
1-0

[Event "Match"]
[Site "www.echecsemail.com"]
[Date "2015.07.20"]
[Round "1"]
[White "Ztornad"]
[Black "Darknight"]
[WhiteElo "1760"]
[BlackElo "1720"]
[Result "1-0"]
[Round "1"]
1.e4 e5
2.b3 Bf8c5
3.Ng1h3 h6
4.Bc1b2 d6
5.Qd1f3 Ng8f6
6.Bf1c4 Bc8g4
7.Qf3d3 Bg4xh3
8.Qd3xh3 a6
9.Nb1c3 Qd8d7
10.Qh3xd7 Nb8xd7
11.Nc3d5  { time }
1-0

[Event "Match"]
[Site "www.echecsemail.com"]
[Date "2015.07.20"]
[Round "1"]
[White "Fangshuo1"]
[Black "Cirederf"]
[WhiteElo "1499"]
[BlackElo "999"]
[Result "1-0"]
[Round "1"]
1.e4 Ng8f6
2.e5 Nf6d5
3.c4 Nd5b6
4.b3 d6
5.Ng1f3 g6
6.d4 Bf8g7
7.Bc1b2 dxe5
8.d5 c6
9.Bb2xe5 Bg7xe5
10.Nf3xe5 cxd5
11.Nb1c3  { time }
1-0

[Event "Match"]
[Site "www.echecsemail.com"]
[Date "2015.07.20"]
[Round "1"]
[White "Muchomurka"]
[Black "Mdesouza"]
[WhiteElo "2480"]
[BlackElo "2210"]
[Result "1-0"]
[Round "1"]
1.e4 c5
2.Ng1f3 d6
3.d4 cxd4
4.Nf3xd4 Ng8f6
5.Nb1c3 a6
6.Bc1g5 e6
7.Qd1d2 Bf8e7
8.O-O-O Nb8d7
9.f4 O-O
10.Bf1d3 Qd8c7
11.Qd2e2 b5
12.Rh1e1 b4
13.Nc3a4 Qc7a5
14.Nd4c6 Qa5xa4
15.Nc6xe7 Kh8
16.e5 Nf6d5
17.Qe2e4 g6
18.Ne7xd5 Nd7c5
19.Bg5f6 Kg8
20.Nd5e7 
1-0

[Event "Match"]
[Site "www.echecsemail.com"]
[Date "2015.07.20"]
[Round "1"]
[White "Fangshuo3"]
[Black "Irene"]
[WhiteElo "1799"]
[BlackElo "1970"]
[Result "1-0"]
[Round "1"]
1.e4 c5
2.Ng1f3 Nb8c6
3.c3 g6
4.d4 cxd4
5.cxd4 d5
6.exd5 Qd8xd5
7.Nb1c3 Qd5e6
8.Bf1e2 Bf8g7
9.O-O Qe6g4
10.Bc1e3 b6
11.Nf3e5 Qg4e6
12.Ne5xc6 Bc8b7
13.d5 Qe6d6
14.Be2b5 Bg7xc3
15.Nc6a5 Kf8
16.Na5xb7 Qd6b4
17.bxc3 Qb4xb5
18.d6 Qb5c6
19.d7 { resign }
1-0

[Event "Match"]
[Site "www.echecsemail.com"]
[Date "2015.07.20"]
[Round "1"]
[White "Cirederf"]
[Black "Guidom"]
[WhiteElo "999"]
[BlackElo "2070"]
[Result "0-1"]
[Round "1"]
1.d4 d5
2.c4 dxc4
3.e3 c6
4.Bf1xc4 e6
5.Ng1f3 Ng8f6
6.O-O Bf8d6
7.Nb1c3 O-O
8.b3 Nb8d7
9.e4 Bd6c7
10.Bc1g5 h6
11.Bg5h4 Nd7b6
12.e5 g5
13.Nf3xg5 Nf6d5
 { time }
0-1

[Event "Match"]
[Site "www.echecsemail.com"]
[Date "2015.07.20"]
[Round "1"]
[White "Cirederf"]
[Black "Gilliere"]
[WhiteElo "999"]
[BlackElo "1790"]
[Result "0-1"]
[Round "1"]
1.d4 Ng8f6
2.Ng1f3 g6
3.Bc1f4 Bf8g7
4.Nb1c3 d6
5.e4 Nb8d7
6.Bf1c4 O-O
7.O-O a6
8.a4 Nf6h5
9.Bf4e3 Nh5f6
10.Qd1d2 Nd7b6
11.Bc4a2 Nf6g4
 { time }
0-1

[Event "Match"]
[Site "www.echecsemail.com"]
[Date "2015.07.20"]
[Round "1"]
[White "Supernovae"]
[Black "Cirederf"]
[WhiteElo "1970"]
[BlackElo "999"]
[Result "1-0"]
[Round "1"]
1.e4 Ng8f6
2.Nb1c3 d5
3.exd5 Nf6xd5
4.Nc3xd5 Qd8xd5
5.d4 Nb8c6
6.Ng1f3 Bc8g4
7.Bc1e3 O-O-O
8.Bf1e2 e5
9.dxe5  { time }
1-0

[Event "Match"]
[Site "www.echecsemail.com"]
[Date "2015.07.20"]
[Round "1"]
[White "Goodwill"]
[Black "Cirederf"]
[WhiteElo "1499"]
[BlackElo "999"]
[Result "1-0"]
[Round "1"]
1.d4 f5
2.Nb1c3 Ng8f6
3.Bc1g5 e6
4.e4 fxe4
5.Nc3xe4 Bf8e7
6.Bg5xf6 Be7xf6
7.Ng1f3 O-O
8.Bf1d3  { time }
1-0

[Event "Match"]
[Site "www.echecsemail.com"]
[Date "2015.07.20"]
[Round "1"]
[White "Dvoretski"]
[Black "Cccp"]
[WhiteElo "999"]
[BlackElo "1150"]
[Result "1-0"]
[Round "1"]
1.e4 e6
2.d4 d5
3.Nb1c3 Ng8f6
4.e5 Nf6d7
5.f4 c5
6.Ng1f3 Nb8c6
7.Bc1e3 c4
8.g3 f5
9.a3 a6
10.g4 fxg4
11.Nf3g5 h5
12.Ng5xe6 Qd8b6
13.Nc3xd5  { time }
1-0

[Event "Match"]
[Site "www.echecsemail.com"]
[Date "2015.07.20"]
[Round "1"]
[White "Raulazo"]
[Black "Fkarpov"]
[WhiteElo "1589"]
[BlackElo "2010"]
[Result "0-1"]
[Round "1"]
1.e4 c5
2.Bf1c4 e6
3.Ng1f3 Ng8f6
4.Nb1c3 Nb8c6
5.e5 d5
6.Bc4b5 Nf6d7
7.Bb5xc6 bxc6
8.d4 c4
9.Nf3g5 Qd8e7
10.Qd1f3 h6
11.Ng5h3 f6
12.Nh3f4 Qe7f7
13.h4 Bf8b4
14.Bc1d2 fxe5
15.Nf4h5 Qf7xf3
16.gxf3 exd4
17.Nh5xg7 Kf7
18.Rh1g1 dxc3
19.bxc3 Bb4e7
20.Ng7h5 Rh8h7
21.Rg1g4 Nd7f6
22.Rg4f4 e5
23.Rf4xf6 Be7xf6
24.Ke2 Bf6xh4
25.Ra1h1 Bh4g5
26.f4 exf4
27.Bd2xf4 Bc8g4
28.f3 Bg4xh5
29.Rh1xh5 Ra8e8
30.Kf2 Kg6
31.Rh5h1 Bg5xf4
32.Rh1g1 Kf5
{ resign }
0-1

[Event "Match"]
[Site "www.echecsemail.com"]
[Date "2015.07.20"]
[Round "1"]
[White "Redabond"]
[Black "Norwich"]
[WhiteElo "1499"]
[BlackElo "1690"]
[Result "1-0"]
[Round "1"]
1.e4 c5
2.Bf1c4 e6
3.Ng1f3 a6
4.O-O d6
5.Nb1c3 Ng8f6
6.d3 Bf8e7
7.Bc1e3 O-O
8.d4 cxd4
9.Nf3xd4 Qd8c7
10.Bc4b3 Nb8c6
11.h3 Bc8d7
12.f3 Nc6xd4
13.Be3xd4 b5
14.a3 Bd7c6
15.Rf1e1 Rf8d8
16.a4 b4
17.Nc3e2 Ra8b8
18.a5  { time }
1-0

[Event "Match"]
[Site "www.echecsemail.com"]
[Date "2015.07.20"]
[Round "1"]
[White "Ugarovesk"]
[Black "Oxycontin"]
[WhiteElo "2129"]
[BlackElo "2080"]
[Result "1-0"]
[Round "1"]
1.e4 d6
2.d4 Ng8f6
3.Nb1c3 g6
4.Ng1f3 Bf8g7
5.Bf1e2 c6
6.Bc1g5 Nb8d7
7.Qd1d2 h6
8.Bg5f4 Qd8b6
9.Nc3a4 Qb6c7
10.e5 dxe5
11.dxe5 Nf6e4
12.Qd2e3 Qc7a5
13.Na4c3 Ne4xc3
14.bxc3 Nd7b6
15.Qe3d4 Bc8f5
16.Qd4b4 Qa5xb4
17.cxb4 Bf5xc2
18.Ra1c1 Bc2f5
19.b5 cxb5
20.Be2xb5 Bf5d7
21.Bb5xd7 Nb6xd7
22.Rc1c7 b6
23.Ke2 e6
24.Rh1c1 Nd7c5
25.Bf4e3 O-O
26.Be3xc5 bxc5
27.Rc1xc5 Rf8b8
28.Rc5a5 Rb8c8
29.Ra5c5 Rc8xc7
30.Rc5xc7 Bg7f8
31.Nf3d2 a5
32.Nd2c4 Ra8b8
33.Kd3 Rb8d8
34.Ke2 Rd8a8
35.f4 Kg7
36.Ke3 Ra8b8
37.h3 Rb8b4
38.Nc4d6 Bf8xd6
39.exd6 Rb4b8
40.d7 Rb8d8
41.Kd4 Kf6
42.Kc5 Ke7
43.Kb6 Kd6
44.a4 f6
45.Rc7a7 e5
46.fxe5 fxe5
47.Kxa5 e4
48.Kb4 e3
49.Kc3 Rd8xd7
50.Ra7xd7 Kxd7
51.Kd3  { time }
1-0

[Event "Match"]
[Site "www.echecsemail.com"]
[Date "2015.07.20"]
[Round "1"]
[White "Gorgo"]
[Black "Aperturaf"]
[WhiteElo "2420"]
[BlackElo "2450"]
[Result "0-1"]
[Round "1"]
1.d4 e6
2.e4 d5
3.Nb1c3 Bf8b4
4.e5 c5
5.a3 Bb4xc3
6.bxc3 Ng8e7
7.Qd1g4 O-O
8.Bf1d3 Nb8c6
9.Ng1f3 Ne7f5
10.Bc1g5 Qd8a5
11.O-O c4
12.Bd3xf5 exf5
13.Qg4g3 Kh8
14.Bg5d2 Qa5a4
15.Ra1a2 Bc8d7
16.h4 h6
17.h5 b6
18.Nf3h4 Bd7e6
19.Rf1e1 Ra8b8
 { time }
0-1

[Event "Match"]
[Site "www.echecsemail.com"]
[Date "2015.07.20"]
[Round "1"]
[White "Oxycontin"]
[Black "Juodivarnai"]
[WhiteElo "2070"]
[BlackElo "2180"]
[Result "0-1"]
[Round "1"]
1.Ng1f3 g6
2.g3 Bf8g7
3.Bf1g2 e5
4.Nb1c3 d5
5.d3 Ng8e7
6.e4 O-O
7.exd5 Ne7xd5
8.Nc3xd5 Qd8xd5
9.O-O Bc8g4
10.h3 Bg4e6
11.Nf3g5 Qd5b5
12.Ng5xe6 fxe6
13.c3 Nb8c6
14.Qd1b3 Qb5xb3
 { time }
0-1

[Event "Match"]
[Site "www.echecsemail.com"]
[Date "2015.07.20"]
[Round "1"]
[White "Silent1"]
[Black "Arnpriorite"]
[WhiteElo "1950"]
[BlackElo "2240"]
[Result "0-1"]
[Round "1"]
1.d4 f5
2.e3 Ng8f6
3.Bf1d3 e6
4.Ng1f3 Bf8e7
5.O-O O-O
6.Nb1c3 d5
7.Nf3e5 Nb8d7
8.Ne5xd7 Bc8xd7
9.f4 c6
10.Bd3e2 Bd7e8
11.a3 Nf6e4
12.Nc3xe4 fxe4
13.c4 Be8g6
14.c5 b6
15.b4 b5
16.Bc1d2 h6
17.Be2h5 Qd8e8
18.Bh5xg6 Qe8xg6
19.Bd2e1 Rf8f7
20.Be1g3 Ra8f8
21.Qd1e1 Qg6h5
22.Rf1f2 g5
23.fxg5 Be7xg5
24.Rf2xf7 Qh5xf7
25.Bg3f2 Qf7f6
26.a4 a6
27.axb5 axb5
28.Ra1a2 e5
29.dxe5 Qf6xe5
30.Qe1a1 Qe5f5
31.Ra2a8 Qf5xf2
{ resign }
0-1